Statistiques concernant Signes astro de BTS

Cliquez ici pour prendre le quiz!

Statistiques générales

  • Ce quiz a été pris 155 fois
  • Le résultat moyen est 6 sur 7

Statistiques - réponses

HintRéponse% Correct
YoongiPoisson
90%
NamjoonVierge
90%
JungkookVierge
90%
TaeyhungCapricorne
89%
SeokjinSagittaire
85%
JiminBalance
83%
HoseokVerseau
79%

Distribution des résultats

Percentile par nombre de réponses

% des personnes avec chaque résultat

Votre développement - résultats

Vous n’avez pas pris ce quiz